000 01145nam a22003017i 4500
003 EG-GICUC
005 20260121101446.0
008 251209s1939 fr ||||fry||| 00| 0 fre d
040 _aEG-GiCUC
_bfre
_cEG-GiCUC
_dEG-GiCUC
_eRda
041 _afre
082 0 4 _221
_a341.7705
_bIN . A
092 0 4 _221
099 _aLaw1 11 341.7705 IN . A 1939
111 2 _aConférence internationale pour l'unification du droit pénal
_n(7th :
_d1939 :
_cCairo, Egypt)
245 1 0 _aActes de la conférence :
_bous la direction de S. E. Abdel Hamid Badaoui Pacha ; avec le concours de S. E. Vespasien Pella et de S. E. Abdel Fattah El-Sayed.
264 1 _aParis :
_bA. Pedone,
_c1939.
300 _a485 pages ;
_c 24 cm.
336 _2rda contenu
_a texte
337 _2rda medias
_aOrdinateur
338 _2 transporteur rda
_a Ressource en ligne
504 _aIncludes bibliographical references.
546 _aTexte en français
650 1 4 _aDroit pénal international
_xDroit international public
_2qrmak
651 1 _2qrmak
856 4 0 _uhttps://fll.law.cu.edu.eg/fulltext/bks/B11-05318.pdf
905 _a75
_eHassnaa
942 _2ddc
_cCP
_e21
_n0
999 _c49434
_d49434